Single-outcome studies: a methodological primer /
Zapisane w:
| 1. autor: | |
|---|---|
| Format: | Texto |
| Hasła przedmiotowe: | |
| Etykiety: |
Dodaj etykietę
Nie ma etykietki, Dołącz pierwszą etykiete!
|
MARC
| LEADER | 00000 a a2200000 04500 | ||
|---|---|---|---|
| 001 | 8832 | ||
| 003 | |||
| 040 | |||
| 100 | |a Gerring, John | ||
| 245 | |a Single-outcome studies: |b a methodological primer / |c John Gerring | ||
| 500 | |a Resumen también en francés y español pp 772 | ||
| 650 | |a ANALISIS SOCIOLOGICO | ||
| 650 | |a INVESTIGACION SOCIAL | ||
| 650 | |a METODOS DE INVESTIGACION | ||
| 650 | |a CIENCIAS SOCIALES | ||
| 650 | |a ESTUDIOS DE CASOS | ||
| 773 | |g volumen 21, número 5; páginas 707-734 | ||
| 999 | |c 33288 |d 33288 | ||
